000 01060cam a2200385 a 4500
001 22830
003 SK-KTurca
005 20260429101736.0
008 141125s2014 xo g 000 f slo d
015 _aSNBA2014/10
020 _a9788055139418 (brož.)
035 _aa000519800
040 _aPPPK
_bslo
_cUKB
_dSNK
_eAACR2
041 0 _aslo
044 _axo
_cSK
072 7 _a821.162.4-3
_xSlovenská próza
_2konspekt
072 7 _a821-93
_xLiteratúra pre deti a mládež (beletria)
_2konspekt
080 _a821.162.4-31
_22004
080 _a(0:82-312.9)
_22004
080 _a821-93
_22004
100 1 _aProtušová, Nina,
_d1995-
245 1 0 _aČierna schránka
_cNina Protušová
250 _a1. vyd.
260 _aBratislava
_bIkar
_c2014
300 _a319, [1] s.
490 1 _aYoli
653 _a821.162.4-31
653 _a821-93
653 _a(0:82-312.9)
655 7 _aslovenské romány
_2UKBPH
655 7 _afantazijné romány
_2UKBPH
655 7 _apublikácie pre mládež
_2UKBPH
830 0 _aYoli
942 _2ddc
_cKLDO
_n0
999 _c22830
_d22830